000 00657cam a2200229 a 4500
001 4279407
005 20180116035941.0
008 851218s1986 mdu b 001 0 eng c
010 _a 85030673
020 _a0871892553
040 _aDNLM/DLC
_cDLC
_dDLC
041 _aeng
060 _aWT 150 F947d
080 _a618.97689 FRY
082 0 0 _a618.97689 FRY
_219
100 1 _a48
101 _aPSI
245 1 0 _aDepression, stress, and adaptations in the elderly :
_cP.S. Fry.
504 _aIncludes bibliographies and index.
906 _a7
_bcbc
_corignew
_d1
_eocip
_f19
_gy-gencatlg
942 _2ddc
_cBK
999 _c40343
_d40343